000 00283nam a22001337a 4500
003 SGT
082 _a616.89
_bS15O
100 _aOYEBODE, FEME
245 _aSIMS SYMPTOMS IN THE MIND
250 _a5TH
260 _aINDIA
_bELSEVIER
_c2015
300 _a388
942 _2ddc
_cBK
_010
999 _c15059
_d15059